|
|
|
|
| LEADER |
01538nam a2200313 a 4500 |
| 001 |
1186802 |
| 008 |
100201s1996 enkc b 000 0 eng d |
| 010 |
|
|
|a 97128125
|
| 020 |
|
|
|a 1853393827
|
| 020 |
|
|
|a 8170366356
|
| 040 |
|
|
|a GZN
|c GZN
|d DLC
|d BD-DhAAL
|
| 082 |
0 |
0 |
|a 362.83/0954
|2 21
|
| 245 |
0 |
0 |
|a Speaking out :
|b women's economic empowerment in South Asia /
|c edited by Marilyn Carr, Martha Chen and Renana Jhabvala.
|
| 260 |
|
|
|a London :
|b IT Publications on behalf of Aga Khan Foundation Canada and United Nations Development Fund for Women (UNIFEM) ;
|a New Delhi :
|b Vistaar,
|c 1996.
|
| 300 |
|
|
|a xiv, 238 p. :
|b ports. ;
|c 23 cm.
|
| 504 |
|
|
|a Includes bibliographical references (p. 219, 225-238).
|
| 541 |
1 |
|
|e 00006258
|
| 650 |
|
0 |
|a Women in development
|z South Asia
|x Case studies.
|
| 650 |
|
0 |
|a Women-owned business enterprises
|z South Asia
|x Case studies.
|
| 650 |
|
0 |
|a Women
|z South Asia
|x Economic conditions.
|
| 700 |
1 |
|
|a Carr, Marilyn.
|
| 700 |
1 |
|
|a Chen, Martha Alter.
|
| 700 |
1 |
|
|a Jhabvala, Renana.
|
| 710 |
2 |
|
|a Aga Khan Foundation Canada.
|
| 710 |
2 |
|
|a United Nations Development Fund for Women.
|
| 852 |
4 |
|
|a Ayesha Abed Library
|j General shelf
|
| 999 |
|
|
|c 7291
|d 7291
|
| 952 |
|
|
|0 0
|1 0
|2 ddc
|4 0
|6 362_830954000000000_SPE_1996
|7 0
|9 7692
|a BRACUL
|b BRACUL
|c GEN
|d 2010-02-01
|l 1
|m 12
|o 362.830954 SPE
|p 3010006258
|r 2026-03-30
|s 2026-02-01
|t 1
|w 2010-02-01
|y BK
|
| 952 |
|
|
|0 0
|1 0
|2 ddc
|4 0
|6 362_830954000000000_SPE_1996
|7 0
|9 7748
|a BRACUL
|b BRACUL
|c GEN
|d 2010-02-03
|l 1
|m 7
|o 362.830954 SPE
|p 3010007094
|r 2014-07-19
|s 2014-05-24
|t 2
|w 2010-02-03
|y BK
|